|
|
|
|
| LEADER |
00970nam a2200253 a 4500 |
| 001 |
2454256 |
| 008 |
091108r1966 b 000 0 eng d |
| 010 |
|
|
|a 89034291
|
| 040 |
|
|
|a DLC
|c DLC
|d DLC
|
| 082 |
0 |
0 |
|a 822/.3
|2 20
|
| 100 |
1 |
|
|a Marlowe, Christopher,
|d 1564-1593.
|
| 245 |
1 |
4 |
|a The tragical history of Doctor Faustus /
|c Christopher Marlowe ; edited by Knox, R.S.
|
| 260 |
|
|
|a London :
|b Methuen and Co. Ltd.,
|c 1966
|
| 300 |
|
|
|a 103 p. ;
|c 17 cm.
|
| 504 |
|
|
|a Includes index.
|
| 541 |
1 |
|
|e 00019514
|
| 600 |
1 |
0 |
|a Faust,
|d d. ca. 1540
|x Drama.
|
| 650 |
|
0 |
|a Magicians
|x Drama.
|
| 651 |
|
0 |
|a Germany
|x Drama.
|
| 655 |
|
7 |
|a Tragedies.
|2 gsafd
|
| 700 |
1 |
|
|a R.S., Knox.
|
| 852 |
4 |
|
|a Ayesha Abed Library
|j General Shelf
|
| 999 |
|
|
|c 5301
|d 5301
|
| 952 |
|
|
|0 0
|1 0
|2 ddc
|4 0
|6 822_300000000000000_MAR
|7 0
|9 5150
|a BRACUL
|b BRACUL
|c GEN
|d 2009-11-05
|e Radha Chakroborti
|l 9
|m 14
|o 822.3 MAR
|p 3010019514
|r 2026-04-01
|s 2026-03-03
|t 1
|w 2009-11-09
|y BK
|x Transferred from ENH to Ayesha Abed library on 20/12/2023
|